[Event "Cusco zt 2.4"]
[Site "Cusco"]
[Date "2025.01.28"]
[Round "1"]
[White "Ccohua Quispichu, Joshep Victor"]
[Black "Reyes Zavaleta, Cristhian Yamil"]
[Result "0-1"]
[WhiteElo "1472"]
[BlackElo "1984"]
[PlyCount "68"]
[EventDate "2025.01.28"]
[EventType "swiss"]
[EventRounds "9"]
[EventCountry "PER"]
[SourceTitle "CB06_2025"]
[SourceDate "2025.02.05"]
[SourceVersion "1"]
[SourceVersionDate "2025.02.05"]
[SourceQuality "1"]

1. e4 e6 2. Nf3 d5 3. exd5 exd5 4. Be2 Nf6 5. 0-0 Bd6 6. d3 h6 7. c4 c6 8. h3 0-0 9. Nc3 a6 10. a4 Nbd7 11. Nd4 Ne5 12. Nf3 Ng6 13. Be3 Re8 14. Qd2 Bb4 15. Qc2 Nh5 16. Nd4 Nhf4 17. Bf3 Qg5 18. Kh1 Qh4 19. Rfd1 Bxh3 20. gxh3 Qxh3+ 21. Kg1 Bd6 22. Nce2 Nxe2+ 23. Qxe2 Nh4 24. c5 Bh2+ 25. Kh1 Be5+ 26. Kg1 Bxd4 27. Bh1 Rxe3 28. fxe3 Bxe3+ 29. Qxe3 Qxe3+ 30. Kh2 Qf2+ 31. Kh3 Nf5 32. Rg1 Re8 33. Raf1 Qh4+ 34. Kg2 Qg3# 0-1